00233nam a2200085Ia 4500008004100000100002800041245002700069260004200096260000900138170620s9999 xx 000 0 und d aRao- Digumarti Bhaskara 0aHuman Rights Education bNew Delhi- Discovery Publishing House c2003